<?xml version="1.0" encoding="UTF-8"?>
<record
    xmlns:xsi="http://www.w3.org/2001/XMLSchema-instance"
    xsi:schemaLocation="http://www.loc.gov/MARC21/slim http://www.loc.gov/standards/marcxml/schema/MARC21slim.xsd"
    xmlns="http://www.loc.gov/MARC21/slim">

  <leader>00609nam a2200181Ia 4500</leader>
  <controlfield tag="003">OSt</controlfield>
  <controlfield tag="005">20240325143923.0</controlfield>
  <controlfield tag="008">210210b1959   xxu||||| |||| 00| 0 eng d</controlfield>
  <datafield tag="040" ind1=" " ind2=" ">
    <subfield code="c">AL</subfield>
  </datafield>
  <datafield tag="041" ind1=" " ind2=" ">
    <subfield code="a">Kannada</subfield>
  </datafield>
  <datafield tag="082" ind1=" " ind2=" ">
    <subfield code="a">854/322</subfield>
  </datafield>
  <datafield tag="100" ind1=" " ind2=" ">
    <subfield code="a">SHANKARANARAYANA RAO (H M) &#xCB6;&#xC82;&#xC95;&#xCB0;&#xCA8;&#xCBE;&#xCB0;&#xCBE;&#xCAF;&#xCA3; &#xCB0;&#xCBE;&#xCB5;&#xCCD;  &#xC8E;&#xC9A;&#xCCD; &#xC8E;&#xC82; </subfield>
    <subfield code="9">138417</subfield>
  </datafield>
  <datafield tag="245" ind1=" " ind2=" ">
    <subfield code="a">Shudraka kaviya mrachchakatika prakarana</subfield>
    <subfield code="b">&#xCB6;&#xCC2;&#xCA6;&#xCCD;&#xCB0;&#xC95; &#xC95;&#xCB5;&#xCBF;&#xCAF; &#xCAE;&#xCC3;&#xC9A;&#xCCD;&#xC9B;&#xC95;&#xC9F;&#xCBF;&#xC95; &#xCAA;&#xCCD;&#xCB0;&#xC95;&#xCB0;&#xCA3; </subfield>
  </datafield>
  <datafield tag="260" ind1=" " ind2=" ">
    <subfield code="a">Maisuru</subfield>
    <subfield code="b">Sharada Mandira</subfield>
    <subfield code="c">1959</subfield>
  </datafield>
  <datafield tag="690" ind1=" " ind2=" ">
    <subfield code="a">Kannada Criticism</subfield>
    <subfield code="9">138422</subfield>
  </datafield>
  <datafield tag="906" ind1=" " ind2=" ">
    <subfield code="a">020171</subfield>
  </datafield>
  <datafield tag="942" ind1=" " ind2=" ">
    <subfield code="2">ddc</subfield>
    <subfield code="c">BK</subfield>
  </datafield>
  <datafield tag="999" ind1=" " ind2=" ">
    <subfield code="c">144323</subfield>
    <subfield code="d">144323</subfield>
  </datafield>
  <datafield tag="952" ind1=" " ind2=" ">
    <subfield code="0">0</subfield>
    <subfield code="1">0</subfield>
    <subfield code="4">0</subfield>
    <subfield code="7">0</subfield>
    <subfield code="8">Kannada</subfield>
    <subfield code="a">AL</subfield>
    <subfield code="b">AL</subfield>
    <subfield code="c">Kannada Literature</subfield>
    <subfield code="d">2021-02-17</subfield>
    <subfield code="g">0.00</subfield>
    <subfield code="l">0</subfield>
    <subfield code="o">854/322</subfield>
    <subfield code="p">020171</subfield>
    <subfield code="r">2021-02-17 00:00:00</subfield>
    <subfield code="w">2021-02-17</subfield>
    <subfield code="y">BK</subfield>
  </datafield>
</record>
